| 000 | 00600nam a2200229Ia 4500 | ||
|---|---|---|---|
| 003 | OSt | ||
| 005 | 20221007081843.0 | ||
| 006 | a|||||r|||| 00| 0 | ||
| 007 | ta | ||
| 008 | 221006b |||||||| |||| 00| 0 eng d | ||
| 024 | _a32,020 | ||
| 037 | _cTextual | ||
| 040 |
_aFLL _cFLL _beng |
||
| 041 |
_2eng _aeng |
||
| 082 | _aZ73:91, K2.55 | ||
| 245 | 0 | _aAmerican Jurisprudence | |
| 250 | _a2nd | ||
| 260 |
_aRochester _bThe Lawyers Co-operative Publishing Company New York _c1962 |
||
| 300 |
_axxi,1245p _ccm. |
||
| 942 |
_hZ73:91, K2.55 _cTEXL _2CC |
||
| 999 |
_c1164494 _d1164494 |
||